Größter See in jedem deutschen Bundesland - Statistiken

Allgemein
  • Dieses Quiz wurde 173 mal gespielt
  • Das Durchschnittsergebnis liegt bei 4 aus 16
Antwortstatistiken
Hint Antwort % Korrekt
Baden-Württemberg Bodensee
94%
Bayern Chiemsee
88%
Mecklenpurg-Vorpommern Müritz
67%
Niedersachsen Steinhuder Meer
42%
Hamburg Alstersee
27%
Hessen Edersee
26%
Schleswig-Holstein Großer Plöner See
22%
Berlin Müggelsee
21%
Nordrhein-Westfalen Möhnesee
15%
Saarland Bostalsee
7%
Rheinland-Pfalz Laacher See
6%
Thüringen Bleilochtalsperre
5%
Sachsen-Anhalt Geiseltalsee
4%
Brandenburg Schwielochsee
3%
Sachsen Bärwalder See
1%
Bremen Sportparksee Grambke
1%
Keine übereinstimmenden Quizze gefunden
Verteilung der Resultate
Anzahl Personen mit jedem Resultat
Perzentil nach korrekt beantworteten Fragen
Ihre Resultats-Entwicklung
Sie haben dieses Quiz noch nicht gespielt